|
|
|
|
| LEADER |
00000nam1a2200000 4500 |
| 001 |
350298 |
| 005 |
20231101040352.0 |
| 010 |
|
|
|a 9850600020
|
| 035 |
|
|
|a (RuTPU)RU\TPU\retro\4121
|
| 035 |
|
|
|a RU\TPU\book\21682
|
| 090 |
|
|
|a 350298
|
| 100 |
|
|
|a 20181225d1994 m y0rusy50 ca
|
| 101 |
0 |
|
|a rus
|a eng
|
| 102 |
|
|
|a BY
|
| 200 |
1 |
|
|a Учебник английского языка
|e в 2-х частях
|f Н. А. Бонк, Г. А. Котий, Н. А. Лукьянова
|
| 205 |
|
|
|a 3-е изд., стер.
|
| 210 |
|
|
|a Минск
|c Вышэйшая школа
|d 1994
|
| 700 |
|
1 |
|a Бонк
|b Н. А.
|g Наталья Александровна
|
| 701 |
|
1 |
|a Котий
|b Г. А.
|g Галина Акимовна
|
| 701 |
|
1 |
|a Лукьянова
|b Н. А.
|g Наталья Анатольевна
|
| 801 |
|
0 |
|a RU
|b 63413507
|c 20011209
|g PSBO
|
| 801 |
|
2 |
|a RU
|b 63413507
|c 20181225
|g PSBO
|
| 942 |
|
|
|c BK
|